UGC-NET management : junior research fellowship and assistant professor exam, previous year's (Record no. 285183)
[ view plain ]
| 000 -LEADER | |
|---|---|
| fixed length control field | 00475nam a2200157Ia 4500 |
| 005 - DATE AND TIME OF LATEST TRANSACTION | |
| control field | 20241107143123.0 |
| 008 - FIXED-LENGTH DATA ELEMENTS--GENERAL INFORMATION | |
| fixed length control field | 240126s9999 xx 000 0 und d |
| 020 ## - INTERNATIONAL STANDARD BOOK NUMBER | |
| International Standard Book Number | 9788178127248 |
| 082 ## - DEWEY DECIMAL CLASSIFICATION NUMBER | |
| Classification number | 620.076MBA SIM;1 R |
| 100 ## - MAIN ENTRY--PERSONAL NAME | |
| Personal name | Sima Kumari. |
| 245 #0 - TITLE STATEMENT | |
| Title | UGC-NET management : junior research fellowship and assistant professor exam, previous year's |
| 260 ## - PUBLICATION, DISTRIBUTION, ETC. (IMPRINT) | |
| Name of publisher, distributor, etc. | New Delhi : Ramesh Publishing House, |
| Place of publication, distribution, etc. | New Delhi |
| Date of publication, distribution, etc. | 2019 |
| 300 ## - PHYSICAL DESCRIPTION | |
| Extent | 883 |
| 440 ## - SERIES STATEMENT/ADDED ENTRY--TITLE | |
| Title | NULL |
| 942 ## - ADDED ENTRY ELEMENTS (KOHA) | |
| Koha item type | PESU Books |
| Date last seen | Total Checkouts | Full call number | Accession number | Volume/Issue Number | Date checked out | Cost, replacement price | Price effective from | Category | Lost status | Damaged status | Withdrawn status | bill no. | Permanent Location | Current Location | Shelving location | Entry date | Vendor | Cost, normal purchase price | Grants | Currency symbol | Conversion rate | Discount | Discount type |
|---|---|---|---|---|---|---|---|---|---|---|---|---|---|---|---|---|---|---|---|---|---|---|---|
| 26/01/2024 | 620.076MBA SIM;2 R1 | PU8885 | (11/07/1905) | 374.00 | 26/01/2024 | PESU Books | 39 | Central Library | Central Library | Central Library | 13/08/2018 | Prajwal Books Suppliers | 440.00 | MBA | RS | 1 | 66 | Rupees | |||||
| 24/03/2025 | 2 | 620.076MBA SIM;1 R | PU8884 | (11/07/1905) | 19/03/2025 | 374.00 | 26/01/2024 | PESU Books | 39 | Central Library | RFID Kiosk | Central Library | 13/08/2018 | Prajwal Books Suppliers | 440.00 | MBA | RS | 1 | 66 | Rupees |
